000 00781 a2200205 4500
020 _a0387332855
020 _a9780387332857
082 0 4 _a514.742
090 _c677
_d677
100 1 _aLapidus, Michel L.
245 1 0 _aFractal geometry, complex dimensions and zeta functions :
_bgeometry and spectra of fractal strings /
_cMichel L. Lapidus, Machiel van Frankenhuijsen.
250 _a1st ed.
260 _a[S.l.] :
_bSpringer,
_c2006.
300 _a488 p. ;
_c24 cm.
490 1 _aSpringer monographs in mathematics.
700 1 _aFrankenhuijsen, Machiel van.
830 0 _aSpringer monographs in mathematics.
942 _aSNS
_cBK
_k514.742 LAP
999 _c29306
_d29306